Obras de Beatriz Olano (Record no. 1559)

MARC details
000 -LEADER
campo de control de longitud fija 00454nam a2200133 4500
008 - DATOS DE LONGITUD FIJA--INFORMACIÓN GENERAL
campo de control de longitud fija 708 O42o
082 ## - NÚMERO DE LA CLASIFICACIÓN DECIMAL DEWEY
Número de clasificación 708
Número de ítem O42o
100 ## - ENTRADA PRINCIPAL--NOMBRE DE PERSONA
Nombre de persona Olano, Beatriz
9 (RLIN) 6543
245 ## - MENCIÓN DEL TÍTULO
Título Obras de Beatriz Olano
260 ## - PUBLICACIÓN, DISTRIBUCIÓN, ETC.
Lugar de publicación, distribución, etc. Colombia
Nombre del editor, distribuidor, etc. Centro de Artes Visuales EAFIT
300 ## - DESCRIPCIÓN FÍSICA
Extensión 109 p.
Otras características físicas ill (col)
Dimensiones 27 x 21,5 cm
650 ## - PUNTO DE ACCESO ADICIONAL DE MATERIA--TÉRMINO DE MATERIA
Subdivisión general arte contemporáneo
-- arte exhibiciones
-- arte - catálogo de exhibición
-- Colombia
9 (RLIN) 6544
700 ## - ENTRADA AGREGADA--NOMBRE PERSONAL
Nombre de persona Roca, José Ignacio; Fernández, Carlos Arturo
9 (RLIN) 6545
Holdings
Estatus retirado Estado de pérdida Fuente del sistema de clasificación o colocación Estado de daño No para préstamo Biblioteca de origen Biblioteca actual Ubicación en estantería Fecha de adquisición Total de préstamos Signatura topográfica completa Código de barras Visto por última vez Precio de reemplazo Tipo de ítem Koha
    Clasificación Decimal Dewey     Biblioteca LadoV Biblioteca LadoV   19/07/2018   708 O42o 000903 19/07/2018 19/07/2018 Material 01